Piloimpregna na kolenách Kedysi úspečný podnik je dnes na mizine

Bibliographic Details
Main Author: mag (Author)
Corporate Author: Piloimpregna, Košice (Author)
Format: Article
Language:Slovak
Subjects:

MARC

LEADER 00000nab a2200000 a 4500
001 vtls000901272
003 SK-MaSNL
005 20260302175735.0
008 040720e19990701xo 0 slo
035 |a KE10255 
040 |a KEVKJB  |b slo  |c KEVKJB  |e AACR2 
041 0 |a slo 
044 |a xo  |c SK 
080 |a 674.8  |2 1981 
100 0 |a mag  |4 aut  |9 868877 
245 1 0 |a Piloimpregna na kolenách  |b Kedysi úspečný podnik je dnes na mizine 
610 2 7 |a Piloimpregna, Košice  |2 KEVKJB  |9 887703 
650 0 7 |a krach firmy  |2 KEVKJB  |9 880033 
650 0 7 |a informácie  |2 KEVKJB  |9 1285 
651 7 |a Košice (Slovensko)  |2 KEVKJB  |9 18694 
651 7 |a KE,  |2 KEVKJB  |9 877256 
655 7 |a periodikum  |2 snkbucl  |9 29553 
710 2 |a Piloimpregna, Košice  |4 aut  |9 887703 
773 0 8 |t Košický večer  |g Roč. 10  |g Roč. 31, č.126, 1.7.1999, s. 1,2 
852 |a ZVYKNI  |b KIS3GCP 
999 |c 1408101  |d 1410031